| 000 | 00679nam a22002177a 4500 | ||
|---|---|---|---|
| 003 | OSt | ||
| 005 | 20240227094527.0 | ||
| 008 | 180712t xxu||||| |||| 00| 0 eng d | ||
| 020 | _a9789699515774 | ||
| 040 | _c0 | ||
| 082 |
_a330.122 _bPAL |
||
| 100 | 1 | 0 |
_aPalmer,Tom G _9121367 |
| 245 | 1 | 0 | _aThe Morality of Capitalism |
| 260 |
_aIslamabad; _bEconomic Freedom Network Pakistan; _c2011. |
||
| 300 |
_a140p.; _c21cm. |
||
| 651 |
_aCapitalism _vMorral and ethical aspects _9121368 |
||
| 651 |
_aCapitalism _9121369 |
||
| 651 |
_aEconomics _vMorral and ethical aspects _9121370 |
||
| 942 |
_2ddc _cBK _aSADA _k330.122 PAL 2011 |
||
| 999 |
_c608285 _d608285 |
||